000 00393nam a22001457a 4500
999 _c7334
_d7332
005 20210904114111.0
008 200619b xxu||||| |||| 00| 0 eng d
082 _a345.4 LIC
110 _aALL AINDIA REPORTER
_96240
245 _aLABOUR AND INDUSTRIAL CASES [1976] I .C V- I
260 _aMUMBAI
_bALL INDIA REPORTER Pvt Ltd
_c1976
300 _a848p.
650 _aLAW
_95701
942 _cJRL